| 000 | 00838 a2200277 4500 | ||
|---|---|---|---|
| 001 | 4913 | ||
| 003 | Complexo Educacional Contemporaneo | ||
| 005 | 20230919125743.0 | ||
| 008 | 191105s2000 r por d | ||
| 020 | _a85-357-0075-7 | ||
| 040 |
_aComplexo Educacional Contemporaneo _bpor |
||
| 080 | _a94(81) | ||
| 082 | _a94(81) | ||
| 090 |
_a94(81) V845e _bAP _dA Vida no Tempo |
||
| 100 | _aVitorino, Artur José Renda | ||
| 240 | 1 | 0 |
_aEscravidão e Modernização no Brasil do Século XIX _lPortuguês |
| 260 |
_aSão Paulo _bAtual _c2000 |
||
| 300 | _a39p. | ||
| 362 | 0 | _a(2000) | |
| 500 | _aContém Suplemento de Trabalho | ||
| 650 | 4 | _aBrasil Império | |
| 650 | 4 | _aEscravos | |
| 650 | 4 | _aSéculo 20 | |
| 245 | 1 | 0 | _aEscravidão e Modernização no Brasil do Século XIX |
| 999 |
_c4913 _d4913 |
||